000
00267nam a22000857a 4500
008
230601b ||||| |||| 00| 0 eng d
100
_a
Australian Post Office
245
_a
The Early Commonwealth Period and the Kangaroo and Map Series
650
_a
Australian Kangaroo and Map
999
_c
3530
_d
3530